|
|
|
|
| LEADER |
00000nam a22000007a 4500 |
| 005 |
20140902231153.0 |
| 007 |
cr|||| |||| |
| 008 |
140902s2014 cu |||||s|||| 00||0 spa d |
| 020 |
|
|
|a 978-959-7219-15-6
|
| 035 |
|
|
|a 12360
|
| 040 |
|
|
|a vLex
|
| 090 |
|
|
|c 5145
|d 5145
|
| 100 |
1 |
|
|4 Medina Cuenca, Arnel
|
| 245 |
1 |
0 |
|a Expansionismo, nuevas formas de criminalidad y proceso penal en los inicios del Siglo XXI
|h [Recurso electrn̤ico] /
|c Arnel Medina Cuenca
|
| 256 |
|
|
|a Servicio en ln̕ea
|
| 260 |
|
|
|a La Habana:
|b Unin̤ Nacional de Juristas de Cuba,
|c 2014
|
| 300 |
|
|
|a 1 recurso electrn̤ico
|
| 506 |
1 |
|
|a Disponible solo en los productos indicados
|d vLex Global
|d vLex Global (Academic Edition, excluding Law Schools)
|d vLex Global (U.S. Academic Edition, Law Schools)
|d vLex Global (U.S. Academic Edition, excluding Law Schools)
|d vLex Global (Academic Edition, Law Schools)
|
| 650 |
0 |
4 |
|a Derecho Civil
|z Cuba
|
| 650 |
0 |
4 |
|a Derecho Penal
|z Cuba
|
| 740 |
0 |
|
|a vLex Libros (Servicio en ln̕ea)
|
| 856 |
4 |
0 |
|u http://vlex.com/source/expansionismo-nuevas-formas-de-criminalidad-y-proceso-penal-en-los-inicios-del-siglo-xxi-12360
|z Acceso restringido
|
| 942 |
|
|
|c BOOK
|
| 999 |
0 |
|
|a Civil Law
|
| 999 |
0 |
|
|a Criminal Law
|